Esquemas para una Historia de la Filosofía Occidental / (Record no. 26202)

MARC details
000 -LEADER
campo de control de longitud fija 00634nam a2200193 i 4500
001 - NÚMERO DE CONTROL
campo de control 26202
003 - IDENTIFICADOR DE NÚMERO DE CONTROL
campo de control ES-MaACL
005 - FECHA Y HORA DE LA ÚLTIMA TRANSACCIÓN
campo de control 20230906153412.0
007 - CAMPO FIJO DE DESCRIPCIÓN FÍSICA--INFORMACIÓN GENERAL
campo de control de longitud fija t|
008 - DATOS DE LONGITUD FIJA--INFORMACIÓN GENERAL
campo de control de longitud fija 030108s1953 sp ||||1| spa d
100 1# - ENTRADA PRINCIPAL--NOMBRE DE PERSONA
Nombre de persona Aróstegui, Antonio.
9 (RLIN) 23166
245 10 - MENCIÓN DEL TÍTULO
Título Esquemas para una Historia de la Filosofía Occidental /
Mención de responsabilidad, etc. por Antonio Arostegui.
260 ## - PUBLICACIÓN, DISTRIBUCIÓN, ETC.
Lugar de publicación, distribución, etc. Granada :
Nombre del editor, distribuidor, etc. Cam,
Fecha de publicación, distribución, etc. [1953] (
Fabricante Patria)
300 ## - DESCRIPCIÓN FÍSICA
Extensión 728 p. ;
Dimensiones 22 cm.
490 1# - MENCIÓN DE SERIE
Mención de serie Textos universitarios de las Ediciones Cam. ;
Designación de volumen o secuencia 1
830 0# - PUNTO DE ACCESO ADICIONAL DE SERIE-TÍTULO UNIFORME
Título uniforme Textos universitarios de las Ediciones Cam. ;
Designación de volumen o secuencia 1
9 (RLIN) 229166
852 ## - LOCALIZACIÓN
Ubicación ES-MaACL
Número de control de estantería C-6192
Sublocalización o colección R.35469
Holdings
Estatus retirado Estado de pérdida Estado de daño No para préstamo Biblioteca de origen Biblioteca actual Ubicación en estantería Fecha de adquisición Fuente de adquisición Total de préstamos Signatura topográfica completa Código de barras Visto por última vez Precio de reemplazo Tipo de ítem Koha
        Biblioteca del Ateneo de Madrid Biblioteca del Ateneo de Madrid Sala Palomar 17/01/2008     C-6192 1027040 23/02/2023 23/02/2023 Libro impreso